Directorio Industrial de Chile 2011: fabricantes, productos, servicios, proveedores
Gardado en:
| Autor Corporativo: | |
|---|---|
| Formato: | Libro |
| Idioma: | Lingua castelá |
| Publicado: |
Santiago
ITV
2011
|
| Subjects: | |
| Tags: |
Engadir etiqueta
Sen Etiquetas, Sexa o primeiro en etiquetar este rexistro!
|
MARC
| LEADER | 00000cam a2200000 a 4500 | ||
|---|---|---|---|
| 001 | UCG8419 | ||
| 003 | CL-VaPUC | ||
| 008 | 111212e20110000CL |||||||||||||||||spa|d | ||
| 082 | 0 | 4 | |a 338.002583 |b SOF |2 21 |
| 110 | 2 | |a SOFOFA |e author |9 559455 | |
| 245 | 1 | 0 | |a Directorio Industrial de Chile 2011: fabricantes, productos, servicios, proveedores |
| 300 | |a 554 p | ||
| 942 | |c BK | ||
| 945 | |d 20111212 00:00:00 |a cmena | ||
| 260 | |a Santiago |b ITV |c 2011 | ||
| 650 | 0 | |a Industrias |9 263688 | |
| 650 | 7 | |a DIRECTORIOS |2 CL-VaPUC |9 257460 | |
| 651 | 7 | |a CHILE |2 CL-VaPUC |9 559456 | |
| 583 | |a last modification |c 20111212 13:13:00 |k Rodrigo Vera | ||
| 999 | |c 346029 |d 346027 | ||
| 952 | |0 0 |1 0 |4 0 |6 338_002583000000000_SOF_2011 |7 0 |8 R |9 446495 |a BIBGIM |b BIBGIM |d 2019-11-22 |i 4812476 |o 338.002583 SOF 2011 |p 4812476 |r 2025-01-15 |w 2019-11-22 |y BK_R |k GIM | ||